000 00388nam a2200133Ia 4500
001 4577
008 241024s9999 xx 000 0 und d
082 _aRD/615/C733m/2012-2016
100 _aComisión Presidencial de Política Farmacéutica Nacional. COPPFAN
245 0 _aMemoria de gestión 2012-2016
260 _bSanto Domingo
_c2016
901 _a11/1/2017 2:26:38 p.m.
999 _c8073
_d8073